The sensual (quadratic) form /
Guardado en:
| Autor Principal: | |
|---|---|
| Otros Autores: | |
| Formato: | Libro |
| Idioma: | English |
| Publicado: |
[Washington, D.C.] :
Mathematical Association of America,
c1997.
|
| Series: | The Carus mathematical monographs ;
no. 26 |
| Etiquetas: |
Agregar Etiqueta
Sin Etiquetas, Sea el primero en etiquetar este registro!
|
| LEADER | 00731nam a22001935a 4500 | ||
|---|---|---|---|
| 001 | MAT.inmabb000187 | ||
| 008 | 971203s1997####dcua#####b####001#0#eng#d | ||
| 005 | 20130227122815.0 | ||
| 245 | 1 | 4 | |a The sensual (quadratic) form / |c John H. Conway ; assisted by Francis Y.C. Fung. |
| 260 | |a [Washington, D.C.] : |b Mathematical Association of America, |c c1997. | ||
| 300 | |a xiii, 152 p. : |b il. ; |c 22 cm. | ||
| 440 | 4 | |a The Carus mathematical monographs ; |v no. 26 | |
| 504 | |a Includes bibliographical references (p. 143-146) and index. | ||
| 510 | 4 | |a MR, |c 98k:11035 | |
| 020 | |a 0883850303 | ||
| 100 | 1 | |a Conway, John Horton. | |
| 700 | 1 | |a Fung, Francis Yein Chei, |d 1973- | |
| 084 | |a 11E12 (11-01) |2 msc2000 | ||
| 859 | |h 11 |i C767s |p A-7899 |b BIB. MATEMATICA | ||
